The Office: Prank or Pretend? Quiz Stats

 Plays Quiz Updated Nov 12, 2018

Support Sporcle.
Go Orange.
Score 0/15 Timer 05:00
13 Plays Today
% Correct
Encased Dwight’s stapler in Jell-o
92.8%
Put Dwight’s belongings in the vending machine
91.7%
Relocated Dwight’s desk to the men’s room
90.5%
Convinced Dwight he was being recruited for the CIA
89%
Convinced Dwight Thursday was Friday
88%
Convinced Dwight gaydar was real
87.3%
Hinted there was a bomb in the office by blinking Morse code
81.8%
Added keys to Dwight’s keyring
77.1%
% Correct
Convinced Dwight he was a vampire
75.8%
Planted red wire from Dwight’s computer to a telephone pole
75.7%
Popped Dwight’s fitness orb
72.6%
Used a macro so “Dwight” changed to “diapers” on his computer
71%
Posted Dwight’s resume for jobs in Alaska
69.3%
Replaced Dwight’s pens with crayons
47.8%
Switched Dwight’s desk with one made of Lego
38.3%

From the Vault

Erase Africa (No Skips)

by goc3

Success depends a lot on the first few countries you get.
Remove Ads.
Support Sporcle.
Get the best of Sporcle when you Go Orange. This ad-free experience offers more features, more stats, and more fun while also helping to support Sporcle. Thank you for becoming a member.

Show Comments

Extras

Top Quizzes Today


Score Distribution

Your Account Isn't Verified!

In order to create a playlist on Sporcle, you need to verify the email address you used during registration. Go to your Sporcle Settings to finish the process.

Report this User

Report this user for behavior that violates our Community Guidelines.

Details: